From autumn to spring : (Record no. 147592)

MARC details
000 -LEADER
fixed length control field 00537nam a22001697a 4500
005 - DATE AND TIME OF LATEST TRANSACTION
control field 20171120153410.0
010 ## - LCCN (DPL NO)
LC control number ENG-121511
020 ## - INTERNATIONAL STANDARD BOOK NUMBER
Terms of availability 199.00
035 ## - SYSTEM CONTROL NUMBER
System control number EN-105043
037 ## - SOURCE OF ACQUISITION
Source of stock number/acquisition DBAD/PUB
082 ## - DEWEY DECIMAL CLASSIFICATION NUMBER
Classification number 881
245 ## - TITLE STATEMENT
Title From autumn to spring :
Statement of responsibility, etc editied and compiler by Rishabh Pandey
Remainder of title a poetry anthology /
260 ## - PUBLICATION, DISTRIBUTION, ETC. (IMPRINT)
Place of publication, distribution, etc New Delhi
Name of publisher, distributor, etc Turquoise Publication
Date of publication, distribution, etc 2017
270 ## - ADDRESS
Address Urdu Ghar, Pt. Deen Dayal Upadhyaye Marg.
City New Delhi
Postal code 110002
300 ## - PHYSICAL DESCRIPTION
Extent 109p. :
Dimensions 24cm(pbk)
Other physical details ill.
942 ## - ADDED ENTRY ELEMENTS (KOHA)
Source of classification or shelving scheme Dewey Decimal Classification
Item type English Books
Classification part 881
Call number suffix FRO
Holdings
Withdrawn status Lost status Not for loan Collection code Home library Current library Date acquired Source of acquisition Cost, normal purchase price Full call number Barcode Copy number Cost, replacement price Koha item type
      Non-fiction Bawana Bawana 20/11/2017 DBAD/PUB 199.00 881 FRO EN-105043 1 199.00 English Books

© Delhi Public Library
Hit Counter
free hit counter